BO - James Bond - Statistiques

Statistiques générales
  • Ce quiz a été pris 241 fois
    223 depuis la dernière actualisation
  • Le résultat moyen est 9 sur 27
Statistiques - réponses
Artistes Chansons Film % Correct
Adele Skyfall Skyfall
94%
Billie Eilish No Time To Die Mourir peut attendre
68%
Madonna Die Another Day Meurs un autre jour
64%
Tina Turner GoldenEye GoldenEye
61%
Sam Smith Writing's on the Wall 007 Spectre
58%
Wings & Paul McCartney Live and Let Die Vivre et laisser mourir
55%
Duran Duran A View to a Kill Dangereusement vôtre
42%
A-ha The Living Daylights Tuer n'est pas jouer
41%
Shirley Bassey Goldfinger Goldfinger
36%
Shirley Bassey Diamonds Are Forever Les Diamants sont éternels
36%
Shirley Bassey Moonraker Moonraker
36%
Alicia Keys & Jack White Another Way to Die Quantum of Solace
34%
John Barry James Bond Theme James Bond 007 contre Dr. No
32%
John Barry On Her Majesty's Secret Service Au service secret de Sa Majesté
32%
Sheryl Crow Tomorrow Never Dies Demain ne meurt jamais
30%
Nancy Sinatra You Only Live Twice On ne vit que deux fois
29%
Tom Jones Thunderball Opération Tonnerre
29%
Chris Cornell You Know My Name Casino Royale
27%
Garbage The World Is Not Enough Le monde ne suffit pas
27%
Carly Simon Nobody Does It Better L'Espion qui m'aimait
17%
Gladys Knight Licence to Kill Permis de tuer
17%
Lulu The Man with the Golden Gun L'Homme au pistolet d'or
16%
Sheena Easton For Your Eyes Only Rien que pour vos yeux
14%
Matt Monro From Russia with Love Bons baisers de Russie
11%
Rita Coolidge All Time High Octopussy
11%
Lani Hall Never Say Never Again Jamais plus jamais
5%
Herb Alpert and the Tijuana Brass Casino Royale Casino Royale
2%
Aucun quiz correspondant
Distribution des résultats
% des personnes avec chaque résultat
Percentile par nombre de réponses
Votre historique - résultats
Vous n’avez pas pris ce quiz depuis la dernière actualisation